Statistics for Country borders

Click here to take the quiz!

General Stats

  • This quiz has been taken 182 times
    (172 since last reset)
  • The average score is 12 of 14

Answer Stats

The 14 countries% Correct
Mongolia
99%
Russia
98%
Nepal
96%
North Korea
95%
India
93%
Laos
93%
Vietnam
93%
Bhutan
89%
Pakistan
88%
Burma
76%
Kazakhstan
76%
Tajikistan
76%
Afghanistan
75%
Kyrgyzstan
65%

Score Distribution

Percentile by Number Answered

Percent of People with Each Score

Your Score History

You have not taken this quiz since the last reset